<?xml version="1.0" encoding="UTF-8"?>
<record
    xmlns:xsi="http://www.w3.org/2001/XMLSchema-instance"
    xsi:schemaLocation="http://www.loc.gov/MARC21/slim http://www.loc.gov/standards/marcxml/schema/MARC21slim.xsd"
    xmlns="http://www.loc.gov/MARC21/slim">

  <leader>03379nam0a2200421   4500</leader>
  <controlfield tag="001">RU\NLR\bibl\1036917</controlfield>
  <controlfield tag="005">20260407152230.0</controlfield>
  <datafield tag="010" ind1=" " ind2=" ">
    <subfield code="a">5-94920-052-7</subfield>
    <subfield code="b">&#x412; &#x43F;&#x435;&#x440;.</subfield>
    <subfield code="9">600</subfield>
  </datafield>
  <datafield tag="021" ind1=" " ind2=" ">
    <subfield code="a">RU</subfield>
    <subfield code="b">2006-79854</subfield>
    <subfield code="9">4050</subfield>
  </datafield>
  <datafield tag="035" ind1=" " ind2=" ">
    <subfield code="a">(nilc)RSL-KNO-002997022</subfield>
  </datafield>
  <datafield tag="035" ind1=" " ind2=" ">
    <subfield code="a">(NLR Aleph) 001024333</subfield>
  </datafield>
  <datafield tag="090" ind1=" " ind2=" ">
    <subfield code="a">718504</subfield>
    <subfield code="c">718504</subfield>
  </datafield>
  <datafield tag="100" ind1=" " ind2=" ">
    <subfield code="a">20061208d2006    |||y0rusy50      ca</subfield>
  </datafield>
  <datafield tag="101" ind1="0" ind2=" ">
    <subfield code="a">rus</subfield>
  </datafield>
  <datafield tag="102" ind1=" " ind2=" ">
    <subfield code="a">RU</subfield>
  </datafield>
  <datafield tag="105" ind1=" " ind2=" ">
    <subfield code="a">ab  zzzz|||||</subfield>
  </datafield>
  <datafield tag="106" ind1=" " ind2=" ">
    <subfield code="a">r</subfield>
  </datafield>
  <datafield tag="200" ind1="1" ind2=" ">
    <subfield code="a">VI &#x41A;&#x43E;&#x43D;&#x444;&#x435;&#x440;&#x435;&#x43D;&#x446;&#x438;&#x44F; &#x43C;&#x43E;&#x43B;&#x43E;&#x434;&#x44B;&#x445; &#x441;&#x43F;&#x435;&#x446;&#x438;&#x430;&#x43B;&#x438;&#x441;&#x442;&#x43E;&#x432; &#x43E;&#x440;&#x433;&#x430;&#x43D;&#x438;&#x437;&#x430;&#x446;&#x438;&#x439;, &#x43E;&#x441;&#x443;&#x449;&#x435;&#x441;&#x442;&#x432;&#x43B;&#x44F;&#x44E;&#x449;&#x438;&#x445; &#x432;&#x438;&#x434;&#x44B; &#x434;&#x435;&#x44F;&#x442;&#x435;&#x43B;&#x44C;&#x43D;&#x43E;&#x441;&#x442;&#x438;, &#x441;&#x432;&#x44F;&#x437;&#x430;&#x43D;&#x43D;&#x43E;&#x439; &#x441; &#x43F;&#x43E;&#x43B;&#x44C;&#x437;&#x43E;&#x432;&#x430;&#x43D;&#x438;&#x435;&#x43C; &#x443;&#x447;&#x430;&#x441;&#x442;&#x43A;&#x430;&#x43C;&#x438; &#x43D;&#x435;&#x434;&#x440; &#x43D;&#x430; &#x442;&#x435;&#x440;&#x440;&#x438;&#x442;&#x43E;&#x440;&#x438;&#x438; &#x425;&#x430;&#x43D;&#x442;&#x44B;-&#x41C;&#x430;&#x43D;&#x441;&#x438;&#x439;&#x441;&#x43A;&#x43E;&#x433;&#x43E; &#x430;&#x432;&#x442;&#x43E;&#x43D;&#x43E;&#x43C;&#x43D;&#x43E;&#x433;&#x43E; &#x43E;&#x43A;&#x440;&#x443;&#x433;&#x430; - &#x42E;&#x433;&#x440;&#x44B;, &#x425;&#x430;&#x43D;&#x442;&#x44B;-&#x41C;&#x430;&#x43D;&#x441;&#x438;&#x439;&#x441;&#x43A;, 15-17 &#x43C;&#x430;&#x440;&#x442;&#x430; 2006 &#x433;&#x43E;&#x434;&#x430;</subfield>
    <subfield code="e">&#x441;&#x431;&#x43E;&#x440;&#x43D;&#x438;&#x43A; &#x43C;&#x430;&#x442;&#x435;&#x440;&#x438;&#x430;&#x43B;&#x43E;&#x432; &#x43A;&#x43E;&#x43D;&#x444;&#x435;&#x440;&#x435;&#x43D;&#x446;&#x438;&#x438;</subfield>
  </datafield>
  <datafield tag="210" ind1=" " ind2=" ">
    <subfield code="a">&#x423;&#x444;&#x430;</subfield>
    <subfield code="c">&#x41C;&#x43E;&#x43D;&#x43E;&#x433;&#x440;&#x430;&#x444;&#x438;&#x44F;</subfield>
    <subfield code="d">2006</subfield>
  </datafield>
  <datafield tag="215" ind1=" " ind2=" ">
    <subfield code="a">694, [1] &#x441;.</subfield>
    <subfield code="c">&#x438;&#x43B;., &#x446;&#x432;. &#x438;&#x43B;., &#x43A;&#x430;&#x440;&#x442;.</subfield>
    <subfield code="d">21</subfield>
  </datafield>
  <datafield tag="300" ind1=" " ind2=" ">
    <subfield code="a">&#x412; &#x43D;&#x430;&#x434;&#x437;&#x430;&#x433;.: &#x41F;&#x440;&#x430;&#x432;&#x438;&#x442;&#x435;&#x43B;&#x44C;&#x441;&#x442;&#x432;&#x43E; &#x425;&#x430;&#x43D;&#x442;&#x44B;-&#x41C;&#x430;&#x43D;&#x441;&#x438;&#x439;&#x441;&#x43A;&#x43E;&#x433;&#x43E; &#x430;&#x432;&#x442;. &#x43E;&#x43A;&#x440;. - &#x42E;&#x433;&#x440;&#x44B;, &#x42E;&#x433;&#x43E;&#x440;&#x441;&#x43A;&#x438;&#x439; &#x433;&#x43E;&#x441;. &#x443;&#x43D;-&#x442;, &#x42E;&#x433;&#x43E;&#x440;&#x441;&#x43A;&#x438;&#x439; &#x41D;&#x418;&#x418; &#x438;&#x43D;&#x444;&#x43E;&#x440;&#x43C;. &#x442;&#x435;&#x445;&#x43D;&#x43E;&#x43B;&#x43E;&#x433;&#x438;&#x439;, &#x413;&#x41F; &#x425;&#x41C;&#x410;&#x41E; - &#x42E;&#x433;&#x440;&#x44B; "&#x41D;&#x410;&#x426; &#x440;&#x430;&#x446;&#x438;&#x43E;&#x43D;&#x430;&#x43B;&#x44C;&#x43D;&#x43E;&#x433;&#x43E; &#x43D;&#x435;&#x434;&#x440;&#x43E;&#x43F;&#x43E;&#x43B;&#x44C;&#x437;&#x43E;&#x432;&#x430;&#x43D;&#x438;&#x44F; &#x438;&#x43C;. &#x412;.&#x418;. &#x428;&#x43F;&#x438;&#x43B;&#x44C;&#x43C;&#x430;&#x43D;&#x430;"</subfield>
  </datafield>
  <datafield tag="320" ind1=" " ind2=" ">
    <subfield code="a">&#x411;&#x438;&#x431;&#x43B;&#x438;&#x43E;&#x433;&#x440;. &#x432; &#x43A;&#x43E;&#x43D;&#x446;&#x435; &#x441;&#x442;.</subfield>
  </datafield>
  <datafield tag="320" ind1=" " ind2=" ">
    <subfield code="a">&#x410;&#x432;&#x442;. &#x443;&#x43A;&#x430;&#x437;.: &#x441;. 681-682</subfield>
  </datafield>
  <datafield tag="606" ind1="1" ind2=" ">
    <subfield code="a">&#x41D;&#x435;&#x444;&#x442;&#x44C;</subfield>
    <subfield code="j">&#x421;&#x44A;&#x435;&#x437;&#x434;&#x44B;, &#x441;&#x43E;&#x432;&#x435;&#x449;&#x430;&#x43D;&#x438;&#x44F; &#x438; &#x442;.&#x43F;.</subfield>
    <subfield code="x">&#x414;&#x43E;&#x431;&#x44B;&#x447;&#x430;</subfield>
    <subfield code="y">&#x425;&#x430;&#x43D;&#x442;&#x44B;-&#x41C;&#x430;&#x43D;&#x441;&#x438;&#x439;&#x441;&#x43A;&#x438;&#x439; &#x430;&#x432;&#x442;&#x43E;&#x43D;&#x43E;&#x43C;&#x43D;&#x44B;&#x439; &#x43E;&#x43A;&#x440;&#x443;&#x433;</subfield>
    <subfield code="9">2236054</subfield>
    <subfield code="3">RU\NLR\auth\661341924</subfield>
  </datafield>
  <datafield tag="606" ind1="1" ind2=" ">
    <subfield code="a">&#x41D;&#x435;&#x444;&#x442;&#x44C;</subfield>
    <subfield code="j">&#x421;&#x44A;&#x435;&#x437;&#x434;&#x44B;, &#x441;&#x43E;&#x432;&#x435;&#x449;&#x430;&#x43D;&#x438;&#x44F; &#x438; &#x442;.&#x43F;.</subfield>
    <subfield code="x">&#x41C;&#x435;&#x441;&#x442;&#x43E;&#x440;&#x43E;&#x436;&#x434;&#x435;&#x43D;&#x438;&#x44F;</subfield>
    <subfield code="y">&#x425;&#x430;&#x43D;&#x442;&#x44B;-&#x41C;&#x430;&#x43D;&#x441;&#x438;&#x439;&#x441;&#x43A;&#x438;&#x439; &#x430;&#x432;&#x442;&#x43E;&#x43D;&#x43E;&#x43C;&#x43D;&#x44B;&#x439; &#x43E;&#x43A;&#x440;&#x443;&#x433;-&#x42E;&#x433;&#x440;&#x430;</subfield>
    <subfield code="9">2248413</subfield>
    <subfield code="3">RU\NLR\auth\661348797</subfield>
  </datafield>
  <datafield tag="610" ind1="0" ind2=" ">
    <subfield code="a">&#x41D;&#x430;&#x443;&#x43A;&#x438; &#x43E; &#x417;&#x435;&#x43C;&#x43B;&#x435; (&#x433;&#x435;&#x43E;&#x434;&#x435;&#x437;&#x438;&#x447;&#x435;&#x441;&#x43A;&#x438;&#x435;, &#x433;&#x435;&#x43E;&#x444;&#x438;&#x437;&#x438;&#x447;&#x435;&#x441;&#x43A;&#x438;&#x435;, &#x433;&#x435;&#x43E;&#x43B;&#x43E;&#x433;&#x438;&#x447;&#x435;&#x441;&#x43A;&#x438;&#x435; &#x438; &#x433;&#x435;&#x43E;&#x433;&#x440;&#x430;&#x444;&#x438;&#x447;&#x435;&#x441;&#x43A;&#x438;&#x435; &#x43D;&#x430;&#x443;&#x43A;&#x438;) -- &#x420;&#x435;&#x433;&#x438;&#x43E;&#x43D;&#x430;&#x43B;&#x44C;&#x43D;&#x44B;&#x439; &#x440;&#x430;&#x437;&#x434;&#x435;&#x43B; &#x43D;&#x430;&#x443;&#x43A; &#x43E; &#x417;&#x435;&#x43C;&#x43B;&#x435; -- &#x420;&#x43E;&#x441;&#x441;&#x438;&#x439;&#x441;&#x43A;&#x430;&#x44F; &#x424;&#x435;&#x434;&#x435;&#x440;&#x430;&#x446;&#x438;&#x44F; -- &#x422;&#x44E;&#x43C;&#x435;&#x43D;&#x441;&#x43A;&#x430;&#x44F; &#x43E;&#x431;&#x43B;&#x430;&#x441;&#x442;&#x44C; -- &#x425;&#x430;&#x43D;&#x442;&#x44B;-&#x41C;&#x430;&#x43D;&#x441;&#x438;&#x439;&#x441;&#x43A;&#x438;&#x439; &#x430;&#x432;&#x442;&#x43E;&#x43D;&#x43E;&#x43C;&#x43D;&#x44B;&#x439; &#x43E;&#x43A;&#x440;&#x443;&#x433; -- &#x413;&#x435;&#x43E;&#x43B;&#x43E;&#x433;&#x438;&#x447;&#x435;&#x441;&#x43A;&#x430;&#x44F; &#x445;&#x430;&#x440;&#x430;&#x43A;&#x442;&#x435;&#x440;&#x438;&#x441;&#x442;&#x438;&#x43A;&#x430; -- &#x41F;&#x43E;&#x43B;&#x435;&#x437;&#x43D;&#x44B;&#x435; &#x438;&#x441;&#x43A;&#x43E;&#x43F;&#x430;&#x435;&#x43C;&#x44B;&#x435; -- &#x413;&#x43E;&#x440;&#x44E;&#x447;&#x438;&#x435; &#x43F;&#x43E;&#x43B;&#x435;&#x437;&#x43D;&#x44B;&#x435; &#x438;&#x441;&#x43A;&#x43E;&#x43F;&#x430;&#x435;&#x43C;&#x44B;&#x435; -- &#x41D;&#x435;&#x444;&#x442;&#x44C; -- &#x41C;&#x430;&#x442;&#x435;&#x440;&#x438;&#x430;&#x43B;&#x44B; &#x43A;&#x43E;&#x43D;&#x444;&#x435;&#x440;&#x435;&#x43D;&#x446;&#x438;&#x438;</subfield>
  </datafield>
  <datafield tag="610" ind1="0" ind2=" ">
    <subfield code="a">&#x413;&#x43E;&#x440;&#x43D;&#x43E;&#x435; &#x434;&#x435;&#x43B;&#x43E; -- &#x420;&#x430;&#x437;&#x440;&#x430;&#x431;&#x43E;&#x442;&#x43A;&#x430; &#x43D;&#x435;&#x444;&#x442;&#x44F;&#x43D;&#x44B;&#x445; &#x438; &#x433;&#x430;&#x437;&#x43E;&#x432;&#x44B;&#x445; &#x43C;&#x435;&#x441;&#x442;&#x43E;&#x440;&#x43E;&#x436;&#x434;&#x435;&#x43D;&#x438;&#x439; -- &#x41C;&#x430;&#x442;&#x435;&#x440;&#x438;&#x430;&#x43B;&#x44B; &#x43A;&#x43E;&#x43D;&#x444;&#x435;&#x440;&#x435;&#x43D;&#x446;&#x438;&#x438;</subfield>
  </datafield>
  <datafield tag="686" ind1=" " ind2=" ">
    <subfield code="a">&#x414;9( 2&#x420;53-4&#x422;&#x44E;-6&#x425;)453.1&#x44F;431(2)</subfield>
    <subfield code="2">rubbk</subfield>
  </datafield>
  <datafield tag="686" ind1=" " ind2=" ">
    <subfield code="a">&#x418;36&#x44F;431(2)</subfield>
    <subfield code="2">rubbk</subfield>
  </datafield>
  <datafield tag="686" ind1=" " ind2=" ">
    <subfield code="a">&#x418;361&#x44F;431</subfield>
  </datafield>
  <datafield tag="686" ind1=" " ind2=" ">
    <subfield code="a">&#x414;454.1-09(2&#x420;53-4&#x422;&#x44E;-6&#x425;)&#x44F;431</subfield>
  </datafield>
  <datafield tag="710" ind1="1" ind2="2">
    <subfield code="a">&#x41A;&#x43E;&#x43D;&#x444;&#x435;&#x440;&#x435;&#x43D;&#x446;&#x438;&#x44F; &#x43C;&#x43E;&#x43B;&#x43E;&#x434;&#x44B;&#x445; &#x441;&#x43F;&#x435;&#x446;&#x438;&#x430;&#x43B;&#x438;&#x441;&#x442;&#x43E;&#x432; &#x43E;&#x440;&#x433;&#x430;&#x43D;&#x438;&#x437;&#x430;&#x446;&#x438;&#x439;, &#x43E;&#x441;&#x443;&#x449;&#x435;&#x441;&#x442;&#x432;&#x43B;&#x44F;&#x44E;&#x449;&#x438;&#x445; &#x432;&#x438;&#x434;&#x44B; &#x434;&#x435;&#x44F;&#x442;&#x435;&#x43B;&#x44C;&#x43D;&#x43E;&#x441;&#x442;&#x438;, &#x441;&#x432;&#x44F;&#x437;&#x430;&#x43D;&#x43D;&#x43E;&#x439; &#x441; &#x43F;&#x43E;&#x43B;&#x44C;&#x437;&#x43E;&#x432;&#x430;&#x43D;&#x438;&#x435;&#x43C; &#x443;&#x447;&#x430;&#x441;&#x442;&#x43A;&#x430;&#x43C;&#x438; &#x43D;&#x435;&#x434;&#x440; &#x43D;&#x430; &#x442;&#x435;&#x440;&#x440;&#x438;&#x442;&#x43E;&#x440;&#x438;&#x438; &#x425;&#x430;&#x43D;&#x442;&#x44B;-&#x41C;&#x430;&#x43D;&#x441;&#x438;&#x439;&#x441;&#x43A;&#x43E;&#x433;&#x43E; &#x430;&#x432;&#x442;&#x43E;&#x43D;&#x43E;&#x43C;&#x43D;&#x43E;&#x433;&#x43E; &#x43E;&#x43A;&#x440;&#x443;&#x433;&#x430; - &#x42E;&#x433;&#x440;&#x44B;</subfield>
    <subfield code="d">6</subfield>
    <subfield code="f">2006</subfield>
    <subfield code="e">&#x425;&#x430;&#x43D;&#x442;&#x44B;-&#x41C;&#x430;&#x43D;&#x441;&#x438;&#x439;&#x441;&#x43A;</subfield>
    <subfield code="3">RU\NLR\AUTH\8810092459</subfield>
    <subfield code="9">686205</subfield>
  </datafield>
  <datafield tag="801" ind1=" " ind2="0">
    <subfield code="a">RU</subfield>
    <subfield code="b">&#x420;&#x41A;&#x41F;</subfield>
    <subfield code="c">20061208</subfield>
    <subfield code="g">rcr</subfield>
  </datafield>
  <datafield tag="801" ind1=" " ind2="1">
    <subfield code="a">RU</subfield>
    <subfield code="b">&#x420;&#x413;&#x411;</subfield>
    <subfield code="c">20061208</subfield>
  </datafield>
  <datafield tag="801" ind1=" " ind2="2">
    <subfield code="a">RU</subfield>
    <subfield code="b">NLR</subfield>
    <subfield code="c">20070129</subfield>
    <subfield code="g">rcr</subfield>
  </datafield>
  <datafield tag="942" ind1=" " ind2=" ">
    <subfield code="c">BOOK</subfield>
  </datafield>
  <datafield tag="980" ind1=" " ind2=" ">
    <subfield code="a">NB</subfield>
  </datafield>
  <datafield tag="995" ind1=" " ind2=" ">
    <subfield code="5">2007-01-29</subfield>
    <subfield code="a">ad</subfield>
    <subfield code="b">NLR01</subfield>
    <subfield code="c">NLR01</subfield>
    <subfield code="e">RF9</subfield>
    <subfield code="f">2348829</subfield>
    <subfield code="k">2007-3/2339</subfield>
    <subfield code="o">0</subfield>
    <subfield code="r">BOOK</subfield>
    <subfield code="s">200732339_</subfield>
  </datafield>
  <datafield tag="995" ind1=" " ind2=" ">
    <subfield code="5">2007-01-29</subfield>
    <subfield code="a">ad</subfield>
    <subfield code="b">NLR01</subfield>
    <subfield code="c">NLR01</subfield>
    <subfield code="e">RF9</subfield>
    <subfield code="f">2348830</subfield>
    <subfield code="k">2007-3/2339</subfield>
    <subfield code="o">0</subfield>
    <subfield code="r">BOOK</subfield>
    <subfield code="s">200732339_</subfield>
  </datafield>
</record>
